Seoul Metropolitan Subway Line 4 Stations - Statistics

General Stats
  • This quiz has been taken 66 times
    27 since last reset
  • The average score is 26 of 51
Answer Stats
Station
Number
Station Name Transfer % Correct
426 Seoul Station Line 1Gyeongui-Jungang Line Airport Railroad
88%
421 Dongdaemun Line 1
85%
424 Myeongdong(Woori Financial Town)
81%
433 Sadang Line 2
81%
423 Chungmuro Line 3
77%
453 Ansan Suin-Bundang Line
73%
456 Oido Suin-Bundang Line
73%
429 Sinyongsan(AMOREPACIFIC)
73%
409 Buramsan
69%
422 Dongdaemun History & Culture Park(DDP) Line 2Line 5
69%
438 Gwacheon
69%
430 Ichon(National Museum of Korea) Gyeongui-Jungang Line
69%
405 Jinjeop(Kyungbok Univ.)
69%
432 Chongshin Univ. (Isu) Line 7
65%
428 Samgakji Line 6
65%
431 Dongjak(Seoul National Cemetery) Line 9
62%
419 Hansung Univ.(Samseongyo)
62%
443 Geumjeong Line 1
58%
425 Hoehyeon(Namdaemun Market)
58%
411 Nowon Line 7
58%
415 Mia(Seoul Cyber Univ.)
54%
427 Sookmyung Women's Univ.(Garwol)
54%
418 Sungshin Women's Univ. (Donam) LRT Ui-Sinseol Line
54%
414 Suyu(Gangbuk-gu Office)
54%
408 ByeollaeByeolgaram
50%
412 Changdong Line 1
50%
452 Choji Suin-Bundang LineSeohae Line
50%
420 Hyehwa
50%
434 Namtaeryeong
50%
416 Miasageori
46%
435 Seonbawi
46%
446 Daeyami
42%
439 Government Complex Gwacheon
42%
437 Seoul Grand Park
42%
455 Jeongwang Suin-Bundang Line
38%
406 Onam
38%
441 Pyeongchon
38%
436 Seoul Racecourse Park
38%
417 Gireum
35%
449 Hanyang Univ. at Ansan Suin-Bundang Line
35%
450 Jungang Suin-Bundang Line
35%
444 Sanbon
35%
410 Sanggye
35%
447 Banwol
31%
442 Beomgye
31%
413 Ssangmun
31%
451 Gojan Suin-Bundang Line
27%
440 Indeogwon
27%
448 Sangnoksu
27%
454 Singil oncheon Suin-Bundang Line
27%
445 Surisan
27%
No matching quizzes found
Score Distribution
Percent of People with Each Score
Percentile by Number Answered
Your Score History
You have not taken this quiz since the last reset